000 02353cab a2200265 4500
001 L129052
008 110922n2005 000 0 eng u
035 _a(Sirsi) u129052
100 _aDriscoll, J.
245 _aNew reforms to the residential leasehold system
260 _c2005
490 _aEstates Gazette
_v(0508) 26 February 2005, 185(1)
490 _aSolicitors' Journal
_v149 (8) 25 February 2005, 217(1)
520 _a"The end of imbalance" focuses on the restrictions on the landlord's right to re-enter and forfeit a residential lease, which will come into force from 28 February 2005 through the Commonhold and Leasehold Reform Act 2002 (Commencement No 5 and Savings and Transitional Provision) Order 2004 SI 2004: 3056. Outlines the changes in respect of small amounts and short periods, the need to establish the breach and non-payment of service and other charges. Points out that these forfeiture restrictions apply currently only to residential leases but may soon apply to leases generally if the Law Commission's proposals in its consultation paper "Termination of tenancies for tenant default" available at www.lawcom.gov.uk are adopted. Table of statutory references. "Leasehold reforms" examines the further batch of leasehold reforms coming into force through SI 2004: 3056: major new restrictions on forfeiture of leases and provisions dealing with ground rents, house insurance and valuation for collective enfranchisement claims. View SI 2004: 3056 and the 2002 Act at www.legislation.hmso.gov.uk.
590 _aABS
650 _aCOMMONHOLD AND LEASEHOLD REFORM ACT 2002 (COMMENCEMENT NO 5 AND SAVINGS AND TRANSITIONAL PROVISION) ORDER 2004
650 _aLEASEHOLD REFORM
650 _aENFRANCHISEMENT
650 _aFORFEITURE
690 _aPROPERTY-RESIDENTIAL PROPERTY-RESIDENTIAL LANDLORD AND TENANT-RESIDENTIAL TENANCIES
856 _uhttps://www.justice.gov.uk/lawcommission/docs/cp174_Termination_of_Tenancies_Consultation.pdf
_zView the consultation paper free of charge at www.justice.gov.uk
856 _uhttps://www.legislation.gov.uk/uksi/2004/3056/pdfs/uksi_20043056_en.pdf
_zView SI 2004: 3056 free of charge at www.legislation.gov.uk
856 _uhttps://www.legislation.gov.uk/ukpga/2002/15/pdfs/ukpga_20020015_en.pdf
_zView the 2002 Act free of charge at www.legislation.gov.uk
942 _n0
999 _c74919
_d74919